000 00611nam a2200217Ia 4500
005 20241129120232.0
008 241129s9999||||xx |||||||||||||| ||und||
020 _a9781032667959
037 _aTB
040 _aSDCL
_beng
_cSDCL
041 _aeng
_2eng
084 _aY:1:(D6,8(B)), R4
_qSDCL
100 _aZaidi Nishat Ed.; Pue A. Sean Ed.
_9727312
245 0 _aLiterary cultures and digital humanities in India
260 _aLondon
_bRoutledge
_c2024
300 _axvii,395p.
365 _aINR
_b1595
650 _aEnglish
942 _cTB
_hY:1:(D6,8(B)), R4
999 _c1233937
_d1233937